| 000 | 00532cas a2200193 a 4500 | ||
|---|---|---|---|
| 022 | 0 | _a0740-6657 | |
| 040 | _cBNG | ||
| 082 | 0 | 4 | _a339 COR 1985 A078 Or. |
| 245 | 0 | 0 | _aIntroductory macroeconomics. |
| 260 |
_aIthaca : _bCornell University Press, _c1980-1985. |
||
| 300 |
_a5 v. : _bill. ; _c28 cm. |
||
| 500 | _a"Readings on contemporary issues." | ||
| 500 | _aEditor: P.D. McClelland. | ||
| 650 | 0 | _aMacroeconomics | |
| 650 | 7 | _aEconomic history. | |
| 650 | 7 | _aMacroeconomics. | |
| 700 | 1 | _aMcClelland, Peter D. | |
| 942 | _cEK | ||
| 999 |
_c15467 _d15467 |
||